01515nam a2200433 i 450000100060000000300080000600500170001400600190003100700150005000800410006502000180010602000270012403500230015103500240017403500250019803500220022304000310024505000230027608000080029908200170030710000390032424500720036326400530043530000460048833600310053433700330056533800430059850000230064150400290066458801240069365000240081765000350084165000160087665000340089265000340092665000320096065500270099285600620101984828FlNmELB20241217171336.0m o d | cr cnu||||||||170601s2016 mx ob 001 0 spa d z9786077444008 a9786077444855 (e-book) a(MiAaPQ)EBC4849861 a(Au-PeEL)EBL4849861 a(CaPaEBR)ebr11379392 a(OCoLC)1105393948 aFINmELBbspaerdacFINmELB 4aHD30.28bC577 2016 a6580 a658.40122231 aCipriano Luna González, Alfredo.10aPlan estratégico de negocios /cAlfredo Cipriano Luna González. 1aMéxico D.F. :bGrupo Editorial Patria,c[2016] a1 recurso en línea (xii, 275 páginas) atextobtxt2rdacontent/spa acomputadorabc2rdamedia/spa arecurso en líneabcr2rdacarrier/spa aContiene índice. aContiene bibliografía. aDescripción basada en recurso en línea; Título de la página del título en PDF (e-libro, visto June 01, 2017). 0aStrategic planning. 4aPlanificación estratégica. 0aManagement. 4aAdministración de empresas. 0aOrganizational effectiveness. 4aEfectividad organizacional. 4aLibros electrónicos.40uhttps://elibro.net/ereader/politecnicointernacional/40472